000 00619nam a2200253Ia 4500
005 20260306154721.0
008 008 260114s9999 xx 000 0 eng d
020 _a9780511920837
037 _aEBOOK
040 _aCRL
040 _beng
040 _cCRL
041 _2eng
041 _aeng
084 _qCRL
100 _aLever
_9936739
245 0 _aNew Frontiers in the Philosophy of Intellectual Property
260 _bCambridge University Press
260 _c2012
650 _a Philosophy
856 _uhttps://doi.org/10.1017/CBO9780511920837
942 _cEBOOK
999 _c1708688
_d1708688